| 000 | 00747nam a2200229 4500 | ||
|---|---|---|---|
| 001 | 116482 | ||
| 003 | ES-MaACL | ||
| 005 | 20250910210917.0 | ||
| 007 | t| | ||
| 008 | 061121s1968 sp r ||||1| spa d | ||
| 080 | _a347.94(460) | ||
| 100 | 1 |
_aPaula Pérez, Alfonso de. _989645 |
|
| 245 | 1 | 3 |
_aLa prueba de testigos en el proceso civil español / _cAlfonso de Paula Pérez. |
| 260 |
_aMadrid : _bReus, _c1968. |
||
| 300 |
_a208 p. ; _c21 cm. |
||
| 490 | 1 | _aColección de Temas Jurídico-Legales | |
| 650 | 4 |
_aPruebas testificales- _zEspaña. _9144265 |
|
| 650 | 4 |
_aProcedimiento civil- _zEspaña. _916420 |
|
| 830 | 0 |
_aColección de Temas Jurídicos-Legales _9231923 |
|
| 852 |
_aES-MaACL _jC-34991 _bR.68173 |
||
| 999 |
_c116482 _d116482 |
||